000 00338nam a22001457a 4500
005 20170724122909.0
008 170724b xxu||||| |||| 00| 0 eng d
022 _a20724586
040 _cPK-LaUMT
082 _aZIAC 297.05
_bINS-
245 _aInsights/
260 _aIslamabad:
_bDawah academy,
_c2010
300 _a154 p.
942 _cBK
999 _c95610
_d95610